| 000 | 00789nam a22002297a 4500 | ||
|---|---|---|---|
| 003 | OSt | ||
| 005 | 20251124150214.0 | ||
| 008 | 251124b |||||||| |||| 00| 0 eng d | ||
| 020 | _a0-534-38032-8. | ||
| 040 |
_aDWCL-Main lib _cOC |
||
| 082 | _aGr. 650.0285 A342s 2005 | ||
| 100 | _aAlbright S. Christian | ||
| 245 |
_aSpreadsheet modelling and applications : _bessentials of practical management science _cAlbright S. Christian |
||
| 260 |
_aUSA : _bThomson South-Western, _cc2005. |
||
| 300 |
_axvi, 672 pages : _billustration ; _c26 cm. |
||
| 504 | _aIncludes Bibliographical references. | ||
| 650 | _21. Electronic spreadsheet. | ||
| 650 | _22. Management-Computer simulation. | ||
| 650 | _23. Management-Mathematical model. | ||
| 700 | _aWinston, Wayne | ||
| 942 |
_2ddc _cGR _kGr. _n0 |
||
| 999 |
_c6116 _d6116 |
||